US Presidential Articles of Impeachment - Statistics

General Stats
  • This quiz has been taken 70 times
  • The average score is 7 of 8
Answer Stats
Article Year Answer % Correct
Abuse of power 2019 Donald Trump
98%
Incitement of insurrection 2021 Donald Trump
98%
Obstruction of Congress 2019 Donald Trump
95%
Obstruction of justice 1998 Bill Clinton
90%
Perjury 1998 Bill Clinton
90%
Appointed an acting Secretary of War when there was no legal vacancy 1868 Andrew Johnson
86%
Conspired to prevent and hinder the execution of the Tenure of Office Act 1868 Andrew Johnson
84%
Removed Secretary of War before the Senate confirmed his successor 1868 Andrew Johnson
84%
No matching quizzes found
Score Distribution
Percent of People with Each Score
Percentile by Number Answered
Your Score History
You have not taken this quiz